000 00492nam a22001697a 4500
005 20251108163351.0
008 250721s1985 xx 000 0 ara d
082 1 4 _a320.11/مصط
100 1 _aفهمي، مصطفى أبو زيد
245 1 0 _aالنظرية العامة للدولة /
264 1 _aالإسكندريه :
_bمنشأة المعارف،
_c1985.
300 _a461ص
490 0 _aالكتب القانونية
650 1 7 _aالدولة
942 _2ddc
_cBK
999 _c885
_d885